书目信息 |
| 题名: |
新能源汽车产业关键技术概论
|
|
| 作者: | 郭向伟 著 | |
| 分册: | ||
| 出版信息: | 西安 西北工业大学出版社 2019 |
|
| 页数: | 121页 | |
| 开本: | 24cm | |
| 丛书名: | ||
| 单 册: | ||
| 中图分类: | F426.471 , U469.7 | |
| 科图分类: | ||
| 主题词: | 新能源--xin neng yuan--汽车产业--研究--中国 | |
| 电子资源: | ||
| ISBN: | 978-7-5612-6163-7 | |
| 000 | 01343cam0 2200265 450 | |
| 001 | 012001000282 | |
| 005 | 20140105160933.0 | |
| 010 | @a978-7-5612-6163-7@dCNY40.00 | |
| 099 | @aCAL 012019098307 | |
| 100 | @a20190529d2019 em y0chiy50 ea | |
| 101 | 0 | @achi |
| 102 | @aCN@b610000 | |
| 105 | @aak a 000yy | |
| 106 | @ar | |
| 200 | 1 | @a新能源汽车产业关键技术概论@Axin neng yuan qi che chan ye guan jian ji shu gai lun@f郭向伟著 |
| 210 | @a西安@c西北工业大学出版社@d2019 | |
| 215 | @a121页@c图@d24cm | |
| 320 | @a有书目 (第121页) | |
| 330 | @a新能源汽车推广应用应建立在对新能源汽车深刻认识的基础上。新能源汽车的使用技术、运营要求、充电特点、使用便利性、经济性及运维情况等, 是新能源汽车能否大规模推广的关键性技术基础。本书主要立足于新能源汽车产业的关键技术, 对新能源汽车动力系统结构、自身的“三大电”技术、充电技术、运营模式及未来发展动态进行研究, 系统地阐述了新能源汽车产业各关键技术、发展状况及未来的发展方向。与国内外同类书目相比, 本书既有对新能源汽车本身关键技术的解读分析, 也有对相关技术的解读分析, 同时包含相关技术的发展趋势, 力争使读者能够全面了解目前我国新能源汽车产业关键技术的特点及发展动态。 | |
| 606 | 0 | @a新能源@Axin neng yuan@x汽车产业@x研究@y中国 |
| 690 | @aF426.471@v5 | |
| 690 | @aU469.7@v5 | |
| 701 | 0 | @a郭向伟@Aguo xiang wei@4著 |
| 801 | 0 | @aCN@b北京卓展文化@c20191020 |
| 905 | @b1200171-4@dF426.471@e190@f4 | |
| 新能源汽车产业关键技术概论/郭向伟著.-西安:西北工业大学出版社,2019 |
| 121页:图;24cm |
| ISBN 978-7-5612-6163-7:CNY40.00 |
| 新能源汽车推广应用应建立在对新能源汽车深刻认识的基础上。新能源汽车的使用技术、运营要求、充电特点、使用便利性、经济性及运维情况等, 是新能源汽车能否大规模推广的关键性技术基础。本书主要立足于新能源汽车产业的关键技术, 对新能源汽车动力系统结构、自身的“三大电”技术、充电技术、运营模式及未来发展动态进行研究, 系统地阐述了新能源汽车产业各关键技术、发展状况及未来的发展方向。与国内外同类书目相比, 本书既有对新能源汽车本身关键技术的解读分析, 也有对相关技术的解读分析, 同时包含相关技术的发展趋势, 力争使读者能够全面了解目前我国新能源汽车产业关键技术的特点及发展动态。 |
| ● |
| 相关链接 |
|
|
|
|
正题名:新能源汽车产业关键技术概论
索取号:F426.471/190
 
预约/预借
| 序号 | 登录号 | 条形码 | 馆藏地/架位号 | 状态 | 备注 |
| 1 | 1200171 | 212001714 | 第一样本阅览室/ [索取号:F426.471/190] | 在馆 | |
| 2 | 1200172 | 212001723 | 第一借阅区/ [索取号:F426.471/190] | 在馆 | |
| 3 | 1200173 | 212001732 | 第一借阅区/ [索取号:F426.471/190] | 在馆 | |
| 4 | 1200174 | 212001741 | 第一借阅区/ [索取号:F426.471/190] | 在馆 |